000 00792nam a2200193Ia 4500
001 3103
003 GE_BSU
008 181216s||||||||xx |||||||||||||| ||und||
040 _cGE_BSU
080 _a541.8(035)
245 _aСправочник по растворимости. Том 3. Книга третья: тройные и многокомпонентные системы, образованные неорганическими веществами.
245 _cСоставители: В.Б.Коган, С.К.Огородников, В.В.Кафаров. Отв. ред. В.В.Кафаров.
260 _aЛ.
260 _bНаука.
260 _c1970.
300 _a1220 стр. 22 см.
653 _aСправочник по растворимости.
942 _cBK
999 _c37147
_d37147